Normal view
MARC view
Entry Personal Name
001 - CONTROL NUMBER
- control field: 69124
003 - CONTROL NUMBER IDENTIFIER
- control field: dpl
005 - DATE AND TIME OF LATEST TRANSACTION
- control field: 20240731125115.0
008 - FIXED-LENGTH DATA ELEMENTS
- fixed length control field: 240731|| aca||aabn | a|a d
040 ## - CATALOGING SOURCE
- Original cataloging agency: dpl
- Transcribing agency: dpl
100 ## - HEADING--PERSONAL NAME
- Personal name: Sujan, M
670 ## - SOURCE DATA FOUND
- Source citation: Work cat.: (dpl)204660: Sujan, M., Invertigations On Effectiveness Of Fly Ash Stabilizer of Soft Clay In Admixed Foam and in Overlay Foam/, 2012
